| 000 | 01085nam a22003375b 4500 | ||
|---|---|---|---|
| 001 | Mimo0002245595 | ||
| 003 | SpMaBN | ||
| 005 | 20180221085441.0 | ||
| 008 | 940209r19931981sp | |||| ||spa | ||
| 016 | 7 |
_abimoBNE19940034298 _2SpMaBN |
|
| 017 |
_aM 33780-1993 _bOficina Depósito Legal Madrid |
||
| 020 | _a8434809079 | ||
| 035 | _a(OCoLC)434331240 | ||
| 040 |
_aSpMaBN _bspa _cSpMaBN _erdc |
||
| 080 | 0 | _a087.5:82 | |
| 100 | 1 |
_aMateos, Pilar _d1942- |
|
| 245 | 1 |
_aHistorias de Ninguno : _bfinalista del premio El barco de vapor / _h _cPilar Mateos ; ilustraciones, Gustavo Otero |
|
| 250 | _a15ª ed. | ||
| 260 |
_aMadrid : _bSM, _c1992 |
||
| 300 |
_a91 p.: _bil. ; _c19 cm |
||
| 440 | 3 |
_aEl barco de vapor. _pSerie azul _v6 |
|
| 490 |
_aEl barco de vapor. _a Serie azul _v6 |
||
| 500 | _a | ||
| 586 | _a"Premio Lazarillo 1982" | ||
| 586 | _a"Premio El Barco de Vapor 1981" | ||
| 700 | 1 |
_aOtero, Gustavo _eil. |
|
| 830 |
_aEl barco de vapor. _pSerie azul _v6 |
||
| 942 |
_2ddc _cBK |
||
| 945 | _ainventariado, 2018 / dg | ||
| 956 |
_aVMATEO _210 _320160406 _6BPMSU _80069 |
||
| 999 |
_c9584 _d9584 |
||